| 000 | 00439nam a2200145Ia 4500 | ||
|---|---|---|---|
| 008 | 210716s2008 xx 000 0 und d | ||
| 020 | _a8131505480 | ||
| 041 | _aeng | ||
| 082 | _a338.04 MORM | ||
| 100 | _aMorris, Michael H; Kuratko, Donald F; Covin, Jeffrey G. | ||
| 245 | _aEntrepreneurship and innovation in corporations. | ||
| 260 |
_aNew Delhi _bCengage Learning India Pvt Ltd _c2008 |
||
| 300 | _a292 | ||
| 650 | _aEntrepreneurship | ||
| 999 |
_c203892 _d203892 |
||